Clic Qui a réalisé ces films de la Nouvelle vague ? - Statistiques

Statistiques générales
  • Ce quiz a été pris 125 fois
  • Le résultat moyen est 16 sur 40
Statistiques - réponses
Hint Réponse % Correct
1959 - A bout de souffle Jean-Luc Godard
86%
1962 - Cléo de 5 à 7 Agnès Varda
84%
1963 - Le Mépris Jean-Luc Godard
79%
1959 - Les Quatre cents coups François Truffaut
78%
1965 - Pierrot le fou Jean-Luc Godard
78%
1962 - Jules et Jim François Truffaut
67%
1959 - Hiroshima, mon amour Alain Resnais
63%
1966 - Masculin, féminin Jean-Luc Godard
63%
1966 - Farenheit 451 François Truffaut
61%
1965 - Le Bonheur Agnès Varda
58%
1960 - Tirez sur le pianiste François Truffaut
56%
1961 - Lola Jacques Demy
53%
1964 - Bande à part Jean-Luc Godard
52%
1968 - Baisers volés François Truffaut
49%
1960 - Le Petit soldat Jean-Luc Godard
49%
1966 - Made in USA Jean-Luc Godard
46%
1958 - Ascenseur pour l'échafaud Louis Malle
43%
1969 - Ma nuit chez Maud Eric Rohmer
41%
1970 - Le Boucher Claude Chabrol
38%
1963 - La Baie des anges Jacques Demy
37%
1956 - Et Dieu... créa la femme Roger Vadim
33%
1964 - Une femme mariée Jean-Luc Godard
30%
1957 - Le Beau Serge Claude Chabrol
28%
1969 - Que la bête meure Claude Chabrol
26%
1964 - La peau douce François Truffaut
26%
1962 - Adieu Philippine Jacques Rozier
24%
1966 - Les Créatures Agnès Varda
22%
1959 - Les Cousins Claude Chabrol
22%
1958 - Moi, un noir Jean Rouch
21%
1961 - Paris nous appartient Jacques Rivette
19%
1963 - La carrière de Suzanne Eric Rohmer
17%
1973 - Du côté d'Orouët Jacques Rozier
17%
1962 - Le Signe du Lion Eric Rohmer
16%
1962 - La boulangère de Monceau Eric Rohmer
16%
1959 - A double tour Claude Chabrol
14%
1959 - Les liaisons dangereuses Roger Vadim
14%
1960 - Le Bel âge Pierre Kast
10%
1963 - Méditerranée Jean-Daniel Pollet
8%
1962 - Adorable menteuse Michel Deville
8%
1961 - Ce soir ou jamais Michel Deville
8%
Aucun quiz correspondant
Distribution des résultats
% des personnes avec chaque résultat
Percentile par nombre de réponses
Votre historique - résultats
Vous n’avez pas pris ce quiz